Javir i tri dorogi

Podrobná bibliografia
Hlavný autor: Pagirja, Vasil' (Autor)
Médium: Článok
Jazyk:ukrajinčina

MARC

LEADER 00000nab a2200000ua 4500
001 vtls010809741
003 SK-MaSNL
005 20260303131853.0
008 230218s1974 xo |||||||||||||||||ukr|
035 |a (urnnbn)urn:nbn:sk:snk:ar-004bkn 
035 |a (uuid)b3926e34-d7a7-4f0c-a9fa-25cbb69d9172 
035 |a urn:nbn:sk:snk-ab438p 
040 |a SNKBUCL  |b slo  |c SNKBUCL  |e AACR2 
041 0 |a ukr 
044 |a xo  |c SK 
100 1 |a Pagirja, Vasil'  |4 aut  |9 225080 
245 1 0 |a Javir i tri dorogi  |c Vasil' Pagirja 
773 0 |t Duklja : literaturno-chudožnij ta hromads'ko-polityčnyj al'manach  |g Roč. 22, č. 3 (1974), s. 23-24 
958 |a OND 
958 |a EUIPO 
958 |a article3 
999 |c 1947554  |d 1949484